000 00676nam a2200241Ia 4500
003 OSt
005 20220912151136.0
006 a|||||r|||| 00| 0
007 ta
008 220909b |||||||| |||| 00| 0 eng d
024 _a56154
037 _cReference Collections
040 _aCSL
_beng
_cCSL
041 _aeng
082 _aD65g, M5 RR
100 _aGraf Rudolf F
245 0 _aEncyclopedia of electronic circuits
260 _aBlue
_bRidge TAB Books
_c1985
300 _aviii, 760p.
_ccm.
650 _aElectronic Circuit-Encyclopedia
942 _hD65g, M5 RR
_cREF
_2CC
999 _c62198
_d62198